Wiedza ogólna - prawda czy fałsz? #3 - Statystyki

Ogólne statystyki
  • Ten quiz został rozwiązany 3 895 razy
  • Średni wynik to 11 z 18
Statystyki odpowiedzi
Zagadnienie Odpowiedź % Poprawnych
Słonie posiadają chwytną trąbę Prawda
95%
Najwyższy budynek na świecie znajduje się w Nowym Jorku Fałsz
94%
Japonia była gospodarzem Zimowych Igrzysk Olimpijskich Prawda
87%
4 to liczba pierwsza Fałsz
85%
Kiedyś najwyższym budynkiem na świecie był kościół Prawda
82%
Żelatyna jest zazwyczaj wegańska Fałsz
76%
Jest wybitny bokser wagi ciężkiej, który nazywa się Tyson Fury Prawda
69%
Istnieją lotniskowce zasilane reaktorami jądrowymi Prawda
62%
Są szanse, że w tej chwili w promieniu 1 kilometra od bieguna południowego jest ktoś Prawda
61%
W Wielkiej Brytanii hrabia przewyższa stopień barona Prawda
61%
Stephen King napisał zaledwie kilka książek, średnio mniej niż jedną na pięć lat Fałsz
59%
W najważniejszych wydarzeniach związanych z wyścigami konnymi biorą udział wyłącznie konie płci męskiej Fałsz
56%
W Afryce żyją dzikie tygrysy Fałsz
54%
Jarmuż i brokuły to ten sam gatunek Prawda
48%
Rekiny nie chorują na raka Fałsz
47%
Herkules zabił Meduzę Fałsz
45%
Istnieje temperatura, która jest taka sama w stopniach Celsjusza i Fahrenheita Prawda
44%
Hindi jest najczęściej używanym językiem w Delhi, Bombaju i Kalkucie Fałsz
17%
Nie znaleziono quizów pasujących do podanych kryteriów
Rozkład punktacji
Procent ludzi z każdym wynikiem
Percentyl według liczby udzielonych odpowiedzi
Twoja historia wyników
Nie rozwiązałeś tego quizu